LEADER 01129nam a2200217 i 4500 001 000000214955 003 CaOOAMICUS 005 20120822000000.0 008 120822s1892 it u000 u ger u 013 $a193827 040 $aSeMil$bita 100 1 $aEgidio : di Assisi .$0(OLS)http://semarc/name/49639 245 14$aDie erzählenden Zeitformen bei Polybios :$bein Beitrag zur Syntax der gemeingriechischen Sprache /$cvon Friedrich Hultsch. 260 $aLeipzig :$bS. Hirzel,$c1892. 300 $aP. 350-467 ;$c28 cm. 650 4$aPolybius - Opere - Lingua greca - Tempi.$0(OLS)http://semarc/subject/40082 773 0 $tAbhandlungen der Philologisch-Historischen Classe der Königlich Sächsischen Gesellschaft der Wissenschaften.$dLeipzig : S. Hirzel, 1850.$gBd.13$w()24430 850 $aSeMil 852 $aSeMil$W1$xVenegono$y1$m1X VI 34 FA$j165376$B165376$CSeMilBibl$Z2$F176789 $8I 996 $6245$aDie erzählenden Zeitformen bei Polybios :$bein Beitrag zur Syntax der gemeingriechischen Sprache$9(OLS)http://semarc/title/309659 996 $6260$aLeipzig :$bS. Hirzel$9(OLS)http://semarc/publisher/30567 LEADER 01062nam a2200229 i 4500 001 000000241688 003 CaOOAMICUS 005 20250609113614.0 008 150511s1894 it u000 u ita u 013 $a220593 040 $aSeMil$bita 100 1 $aDe Feis, Leopoldo.$0(OLS)http://semarc/name/72664 245 10$aStoria di Liberio Papa e dello scisma dei semiariani /$cLeopoldo De Feis. 260 $aRoma :$bTipografia poliglotta della S. C. di Propaganda Fide,$c1894. 300 $a211 p. ;$c30 cm. 500 $aEstratto da: Studi e documenti di storia e diritto, A. 14., 1893. - Dedica dell'A. al Card. Andrea Ferrari in cop. 600 04$aLiberio .$0(OLS)http://semarc/subject/12201 850 $aSeMil 852 $aSeMil$W1$xVenegono$y1$m3G VI 33 FA$j192034$B192034$CSeMilBibl$Z2$F202831 $8I 996 $6245$aStoria di Liberio Papa e dello scisma dei semiariani$9(OLS)http://semarc/title/343449 996 $6260$aRoma :$bTipografia poliglotta della S. C. di Propaganda Fide$9(OLS)http://semarc/publisher/33121